000 00608nam a2200229Ia 4500
003 OSt
005 20220923230017.0
006 a|||||r|||| 00| 0
007 ta
008 Pun
024 _a276,762
037 _cTextual
040 _aARTS
_cARTS
_bPun
041 _2Pun
_aPun
082 _aO153,2NPA1x, K4
100 _aਨਨਕਾਣਵੀ, ਪਾਂਧੀ
_9156369
245 0 _aਪਹਿਰੇਦਾਰ
260 _c1964
650 _aਪੰਜਾਬੀ ਸਾਹਿਤ
942 _hO153,2NPA1x, K4
_cTEXL
_2CC
999 _c381918
_d381918